|
|
|
|
| LEADER |
00000nam2a2200000 4500 |
| 001 |
351877 |
| 005 |
20231102010439.0 |
| 035 |
|
|
|a (RuTPU)RU\TPU\retro\7791
|
| 035 |
|
|
|a RU\TPU\retro\7766
|
| 090 |
|
|
|a 351877
|
| 100 |
|
|
|a 20191023d1964 k y0rusy50 ca
|
| 101 |
0 |
|
|a rus
|
| 102 |
|
|
|a RU
|
| 105 |
|
|
|a a z 001zy
|
| 200 |
0 |
|
|a Вып. 111: Вопросы режима, теории и методики измерения наносов
|f под ред. А. В. Караушева
|
| 210 |
|
|
|d 1964
|
| 215 |
|
|
|a 174 с.
|c ил.
|e карты
|
| 320 |
|
|
|a Библиогр. в конце ст.
|
| 461 |
|
1 |
|0 (RuTPU)RU\TPU\retro\7661
|t Труды государственного гидрологического института
|o [сборник]
|f Государственный гидрологический институт (ГГИ)
|v Вып. 111: Вопросы режима, теории и методики измерения наносов
|d 1936-
|
| 606 |
1 |
|
|a Гидрология общая
|2 stltpush
|3 (RuTPU)RU\TPU\subj\6718
|9 34528
|
| 610 |
1 |
|
|a реки
|
| 610 |
1 |
|
|a водные ресурсы
|
| 610 |
1 |
|
|a СССР
|
| 610 |
1 |
|
|a стоки
|
| 610 |
1 |
|
|a наносы
|
| 675 |
|
|
|a 556
|v 4
|
| 702 |
|
1 |
|a Караушев
|b А. В.
|4 340
|
| 801 |
|
1 |
|a RU
|b 63413507
|c 20191015
|
| 801 |
|
2 |
|a RU
|b 63413507
|c 20191023
|g RCR
|
| 942 |
|
|
|c BK
|